000 00507ntaaa2200193 4500
003 01
005 20251027202304.0
008 0714s1973 ag 01
040 _aAR-BaBN
_bspa
_cAR-BaBN
_eaacr
_dRIC
082 _a274.2000 Or7
100 _aOrr, J. Edwin
_96250
245 _aCan God ...?
250 _a1 ed.
260 _aLondon :
_bMarshall, Morgan and Scott,
_c1936
300 _a128 p
500 _aLa obra evangelística en Gran Bretaña
650 _aInglaterra-evangelización
_921324
942 _cBK
999 _c17642
_d17642